Corporate ownershiip [sic] structures : private versus social optimality /

Saved in:
Bibliographic Details
Main Author: Bebchuk, Lucian A.
Other Authors: Zingales, Luigi.
Format: Book
Language:English
Published: Cambridge, MA : Harvard Law School, [1996]
Series:Discussion paper (John M. Olin Center for Law, Economics, and Business) ; no. 181.
Subjects:
Tags: Add Tag
No Tags, Be the first to tag this record!
LEADER 00955nam a22002657a 4500
001 007731936-2
005 20020606104010.5
008 980311s1996 mau b 000|0 eng d
035 0 |a ocm38765910 
040 |a MH-L  |c MH-L 
050 1 4 |a KF209  |b .D57 no. 181 
100 1 |a Bebchuk, Lucian A. 
245 1 0 |a Corporate ownershiip [sic] structures :  |b private versus social optimality /  |c Lucian Arye Bebchuk, Luigi Zingales. 
246 3 |a Corporate ownership structures 
260 |a Cambridge, MA :  |b Harvard Law School,  |c [1996] 
300 |a 35 p. ;  |c 29 cm. 
490 1 |a Discussion paper,  |x 1045-6333 ;  |v no. 181 
500 |a "2/96." 
650 0 |a Going public (Securities)  |x Econometric models. 
650 0 |a Stock ownership  |x Econometric models. 
653 0 |a Private optimality  |a Social optimality 
700 1 |a Zingales, Luigi. 
830 0 |a Discussion paper (John M. Olin Center for Law, Economics, and Business) ;  |v no. 181. 
988 |a 20020608 
906 |0 MH